Reuse and reverse engineering for data-intensive business programs /
Saved in:
| Main Author: | |
|---|---|
| Format: | Thesis Book |
| Language: | English |
| Published: |
1995.
|
| Subjects: | |
| Tags: |
Add Tag
No Tags, Be the first to tag this record!
|
| LEADER | 00869cam a2200253 a 4500 | ||
|---|---|---|---|
| 001 | u403349 | ||
| 003 | SIRSI | ||
| 008 | 960927s1995 si v 00 1 eng m | ||
| 035 | |a ACB-3636 | ||
| 040 | |a UMM | ||
| 090 | |a QA76.76 |b R47Tan | ||
| 100 | 0 | |a Tan Hee, Beng Kuan. | |
| 245 | 1 | 0 | |a Reuse and reverse engineering for data-intensive business programs / |c by Tan Hee Beng Kuan. |
| 260 | |c 1995. | ||
| 300 | |a ix, 212 leaves : |b ill. ; |c 30 cm. | ||
| 502 | |a Thesis (Ph.D.) -- National University of Singapore, 1995. | ||
| 504 | |a Bibliography: leaves 141-148. | ||
| 650 | 0 | |a Computer software |x Reusability. | |
| 650 | 0 | |a Computer software |x Development. | |
| 650 | 0 | |a Software engineering. | |
| 650 | 0 | |a Business |x Data processing. | |
| 948 | |a 27/09/1996 |b 25/11/2000 | ||
| 596 | |a 1 | ||
| 999 | |a QA76.76 R47TAN |w LC |c 1 |i A506157466 |d 14/8/1999 |l STACKS |m P01UTAMA |n 2 |r Y |s Y |t TESIS |u 30/1/1997 | ||
